| 000 | 01346nmm a2200397 i 4500 | ||
|---|---|---|---|
| 001 | 55632 | ||
| 003 | KOSZ 005 | ||
| 005 | 20210601151200.0 | ||
| 006 | m||||f|||d|| | ||
| 007 | cr bn nnnuumuu | ||
| 008 | 110620s2007 pl a fqf | |000 0 pol | ||
| 040 |
_aKOSZ 005/HR _cKOSZ 005/HR _dKOSZ 005/HR |
||
| 046 | _k2007 | ||
| 080 | _a349.2(438) | ||
| 080 | _a528 | ||
| 080 | _a(075.8) | ||
| 100 | 1 |
_aHycner, Ryszard _d(1943- ) _eAutor |
|
| 245 | 1 | 0 |
_aUprawnienia zawodowe w geodezji i kartografii : _bzakres 1 i 2 : wybrane zagadnienia / _cRyszard Hycner, Paweł Hanus. |
| 250 | _aWyd. 5. poszerz. i zm. | ||
| 256 | _aDane tekstowe (Plik PDF) | ||
| 260 |
_aKatowice : _bWydawnictwo Gall, _c2007. |
||
| 500 | _aTyt. z ekranu tyt. | ||
| 504 | _aBibliogr. s. 165-166. | ||
| 650 | 4 | _aGeodeci | |
| 650 | 4 | _aKartografowie | |
| 650 | 4 | _aPrawo geodezyjne i kartograficzne | |
| 651 | 7 | _aPolska | |
| 655 | 4 | _aPodręczniki akademickie | |
| 655 | 4 | _aDokumenty elektroniczne | |
| 658 | _aGeografia i nauki o Ziemi | ||
| 658 | _aPrawo i wymiar sprawiedliwości | ||
| 700 | 1 |
_aHanus, Paweł _eAutor |
|
| 710 | 2 |
_aWydawnictwo Gall _eWydawca |
|
| 856 |
_uhttp://koha.tu.koszalin.pl/cgi-bin/koha/opac-detail.pl?biblionumber=55632 _yKatalog online BPK |
||
| 942 |
_2UKD _cEB |
||
| 999 |
_c55632 _d55632 |
||